Khamsūn sanah min al-fann / (Record no. 46198)
[ view plain ]
| 000 -LEADER | |
|---|---|
| fixed length control field | 00705cam a22002411i 4500 |
| 001 - CONTROL NUMBER | |
| control field | ne 63001687 |
| 003 - CONTROL NUMBER IDENTIFIER | |
| control field | DLC |
| 005 - DATE AND TIME OF LATEST TRANSACTION | |
| control field | 20260227111749.0 |
| 008 - FIXED-LENGTH DATA ELEMENTS--GENERAL INFORMATION | |
| fixed length control field | 860422s1962 ua ac 000 0 arar |
| 010 ## - LIBRARY OF CONGRESS CONTROL NUMBER | |
| LC control number | ne 63001687 |
| 025 ## - OVERSEAS ACQUISITION NUMBER | |
| Overseas acquisition number | PL480:UAR-2904 |
| 035 ## - SYSTEM CONTROL NUMBER | |
| System control number | (OCoLC)23482319 |
| 040 ## - CATALOGING SOURCE | |
| Original cataloging agency | DLC |
| Transcribing agency | MiU |
| Modifying agency | DLC |
| 042 ## - AUTHENTICATION CODE | |
| Authentication code | premarc |
| 050 00 - LIBRARY OF CONGRESS CALL NUMBER | |
| Classification number | N7381 |
| Item number | .I8 |
| 100 1# - MAIN ENTRY--PERSONAL NAME | |
| Personal name | Iskandar, Rushdī. |
| 245 10 - TITLE STATEMENT | |
| Title | Khamsūn sanah min al-fann / |
| Remainder of title | taʼlīf Rushdī Iskandar wa-Kamāl al-Mallākh. |
| 260 ## - PUBLICATION, DISTRIBUTION, ETC. | |
| Place of publication, distribution, etc. | Miṣr : |
| Name of publisher, distributor, etc. | Dār al-Maʻārif, |
| Date of publication, distribution, etc. | [1962] |
| 300 ## - PHYSICAL DESCRIPTION | |
| Extent | 198 p. : |
| Other physical details | [95] p. of illus., ports. ; |
| Dimensions | 24 cm. |
| 650 #0 - SUBJECT ADDED ENTRY--TOPICAL TERM | |
| Topical term or geographic name entry element | Artists |
| Geographic subdivision | Egypt |
| 650 #0 - SUBJECT ADDED ENTRY--TOPICAL TERM | |
| Topical term or geographic name entry element | Art, Egyptian |
| 700 1# - ADDED ENTRY--PERSONAL NAME | |
| Personal name | Mallākh, Kamāl |
| Relator term | joint author. |
No items available.